Statistics for Animals beginning with the letter L (pictures)

Click here to take the quiz!

General Stats

  • This quiz has been taken 246 times
  • The average score is 11 of 16

Answer Stats

Answer% Correct
Lion
98%
Leopard
96%
Ladybird
95%
Lemur
92%
Lobster
90%
Leech
89%
Llama
89%
Lamb
85%
Lynx
80%
Labrador
76%
Lizard
74%
Locust
61%
Lorikeet
27%
Lovebird
26%
Lemming
23%
Loris
22%

Score Distribution

Percentile by Number Answered

Percent of People with Each Score

Your Score History

You have not taken this quiz